L'envers de la diplomatie officielle de 1715-1730; (Record no. 16450)
[ view plain ]
| 000 -LEADER | |
|---|---|
| fixed length control field | 00896cam a2200241 4500 |
| 001 - CONTROL NUMBER | |
| control field | ca 28000973 |
| 003 - CONTROL NUMBER IDENTIFIER | |
| control field | DLC |
| 005 - DATE AND TIME OF LATEST TRANSACTION | |
| control field | 20260227111120.0 |
| 008 - FIXED-LENGTH DATA ELEMENTS--GENERAL INFORMATION | |
| fixed length control field | 070627s1926 be 000 0 fre |
| 010 ## - LIBRARY OF CONGRESS CONTROL NUMBER | |
| LC control number | ca 28000973 |
| 040 ## - CATALOGING SOURCE | |
| Original cataloging agency | DLC |
| Transcribing agency | DLC |
| Modifying agency | DLC |
| 050 00 - LIBRARY OF CONGRESS CALL NUMBER | |
| Classification number | D287 |
| Item number | .S4 |
| 100 1# - MAIN ENTRY--PERSONAL NAME | |
| Personal name | Sée, Henri, |
| Dates associated with a name | 1864-1936. |
| 245 12 - TITLE STATEMENT | |
| Title | L'envers de la diplomatie officielle de 1715-1730; |
| Remainder of title | la rivalité commerciale des puissances maritimes et les doléances des négociantes français. |
| 260 ## - PUBLICATION, DISTRIBUTION, ETC. | |
| Place of publication, distribution, etc. | Bruxelles? |
| Date of publication, distribution, etc. | 1926? |
| 300 ## - PHYSICAL DESCRIPTION | |
| Extent | cover-title, p. [471]-491. |
| Dimensions | 22 cm. |
| 500 ## - GENERAL NOTE | |
| General note | At head of title: H. Sée et L. Vignols. |
| 500 ## - GENERAL NOTE | |
| General note | "Extrait de la Revue belge de philologie et d'histoire. t. v, fasc. 2-3." |
| 651 #0 - SUBJECT ADDED ENTRY--GEOGRAPHIC NAME | |
| Geographic name | Europe |
| General subdivision | Politics and government |
| Chronological subdivision | 18th century. |
| 651 #0 - SUBJECT ADDED ENTRY--GEOGRAPHIC NAME | |
| Geographic name | France |
| General subdivision | Commerce |
| -- | History. |
| 651 #0 - SUBJECT ADDED ENTRY--GEOGRAPHIC NAME | |
| Geographic name | Europe |
| General subdivision | Commerce |
| -- | History. |
| 700 1# - ADDED ENTRY--PERSONAL NAME | |
| Personal name | Vignols, Léon, |
| Relator term | joint author. |
No items available.